Essential sports : Cricket
| Main Author: | |
|---|---|
| Format: | Book |
| Published: |
Great Britain :
Heinemann library ,
2003
|
| Subjects: |
MARC
| LEADER | 00000cam a2200000 7i4500 | ||
|---|---|---|---|
| 001 | 0000068782 | ||
| 005 | 20161214.0 | ||
| 008 | 161214 | ||
| 020 | |a 0431173729 | ||
| 090 | 0 | 0 | |a 796.358 |b SMI |
| 100 | 1 | |a Smith,Andy | |
| 245 | 1 | 0 | |a Essential sports : |b Cricket |c Andy Smith |
| 260 | |a Great Britain : |b Heinemann library , |c 2003 | ||
| 650 | 0 | |a Cricket-juvenile literature | |
| 999 | |a 0001075134 |b Book |c Adult Collection |e Cawangan Pontian | ||